DDA: a legal case study (Record no. 72896)
[ view plain ]
| 000 -LEADER | |
|---|---|
| fixed length control field | 01188cam a2200205 4500 |
| 001 - CONTROL NUMBER | |
| control field | ABS66768 |
| 008 - FIXED-LENGTH DATA ELEMENTS--GENERAL INFORMATION | |
| fixed length control field | 030620n2003 000 0 eng u |
| 035 ## - SYSTEM CONTROL NUMBER | |
| System control number | (Sirsi) u122680 |
| 100 ## - MAIN ENTRY--PERSONAL NAME | |
| Personal name | Williams, P. |
| 245 ## - TITLE STATEMENT | |
| Title | DDA: a legal case study |
| 260 ## - PUBLICATION, DISTRIBUTION, ETC. | |
| Date of publication, distribution, etc. | 2003 |
| 490 ## - SERIES STATEMENT | |
| Series statement | Access by Design |
| Volume/sequential designation | (95) Summer 2003, 11-12(2) |
| 520 ## - SUMMARY, ETC. | |
| Summary, etc. | Looks at scenarios in which the Disability Discrimination Act 1995 affects the behaviour of a professional asked to advise on its implications. It suggests that when advising a retailer on the legal implications of installing a ramp, consideration should be made as to whether it should be built instead of, or in addition to, steps, whether landlords' consent is needed and could they refuse, whether landlords can require it to be removed at the end of the lease and whether it will affect lease rent review arrangements. Advises individual legal advice should be taken in individual cases. |
| 590 ## - LOCAL NOTE (RLIN) | |
| Local note | ABS |
| 650 ## - SUBJECT ADDED ENTRY--TOPICAL TERM | |
| Topical term or geographic name entry element | DISABILITY DISCRIMINATION ACT 1995 |
| 650 ## - SUBJECT ADDED ENTRY--TOPICAL TERM | |
| Topical term or geographic name entry element | RAMPS |
| 650 ## - SUBJECT ADDED ENTRY--TOPICAL TERM | |
| Topical term or geographic name entry element | MANAGEMENT-BUSINESS MANAGEMENT-DISCRIMINATION-DISABILITY DISCRIMINATION-ACCESSIBILITY |
| 690 ## - LOCAL SUBJECT ADDED ENTRY--TOPICAL TERM (OCLC, RLIN) | |
| Topical term or geographic name as entry element | BUILT ENVIRONMENT-CONSTRUCTION DESIGN |
| 942 ## - ADDED ENTRY ELEMENTS (KOHA) | |
| Suppress in OPAC | 0 |
| Withdrawn status | Lost status | Source of classification or shelving scheme | Damaged status | Not for loan | Home library | Current library | Shelving location | Date acquired | Total Checkouts | Full call number | Barcode | Date last seen | Copy number | Price effective from | Koha item type |
|---|---|---|---|---|---|---|---|---|---|---|---|---|---|---|---|
| Dewey Decimal Classification | London | London | Journal article | 20/06/2003 | ABS66768 | 122680-1001 | 06/08/2019 | 1 | 06/08/2019 | Journal article |